Most Spoken Non-English Languages in Washington D.C. - Statistics

General Stats
  • This quiz has been taken 31 times
  • The average score is 6 of 8
Answer Stats
Number of Speakers Language % Correct
17.5k Spanish
100%
1.8k French
97%
2k Chinese
90%
~500 Russian
87%
~500 Portuguese
84%
~400 Italian
71%
~600 Tagalog
61%
2.5k Amharic
32%
No matching quizzes found
Score Distribution
Percent of People with Each Score
Percentile by Number Answered
Your Score History
You have not taken this quiz